000 00422pab a2200169 454500
008 180718b1999 xxu||||| |||| 00| 0 eng d
100 _aMishra, K.C.
245 _aA clinical approach to asset-liability management
260 _c1999
300 _ap.1-8
362 _aSep
650 _aBanks
650 _aManagement
650 _aAsset liability management
773 _aASCI Journal of Management
909 _a45870
999 _c45870
_d45870